Ley, Mercado y discriminación (Registro nro. 6990)

Detalles MARC
000 -LEADER
fixed length control field 01275 a2200277 4500
001 - CONTROL NUMBER
control field 60437
005 - DATE AND TIME OF LATEST TRANSACTION
control field 20260407155855.0
008 - FIXED-LENGTH DATA ELEMENTS--GENERAL INFORMATION
fixed length control field 260407a2000 arg spa d
003 - CONTROL NUMBER IDENTIFIER
control field AR-UNSa-BCEJYS
040 ## - CATALOGING SOURCE
Original cataloging agency AR-UNSa-BCEJYS
Language of cataloging spa
Transcribing agency AR-UNSa-BCEJYS
080 ## - UNIVERSAL DECIMAL CLASSIFICATION NUMBER
Universal Decimal Classification number 349.2
Common auxiliary subdivision Derecho del Trabajo
020 ## - INTERNATIONAL STANDARD BOOK NUMBER
International Standard Book Number 950-789-261-7
041 ## - LANGUAGE CODE
Language code of text/sound track or separate title spa
100 1# - MAIN ENTRY--PERSONAL NAME
Personal name Birgin, Haydée
245 10 - TITLE STATEMENT
Title Ley, Mercado y discriminación
Name of part/section of a work El género del trabajo
264 #1 - PRODUCTION, PUBLICATION, DISTRIBUTION, MANUFACTURE, AND COPYRIGHT NOTICE
Place of production, publication, distribution, manufacture Buenos Aires :
Name of producer, publisher, distributor, manufacturer Biblos
Date of production, publication, distribution, manufacture, or copyright notice 2000
300 ## - PHYSICAL DESCRIPTION
Extent 147 p.
Dimensions 22 cm.
505 ## - FORMATTED CONTENTS NOTE
Formatted contents note 1. La discriminación laboral de la mujer en las normas legales y convencionales y en la jurisprudencia en la Argentina / Mario E. Ackerman - 2. La divisón sexual del trabajo: permanencias y cambios / Matilde Mercado – 3. ¿Ser madre o trabajar?: la situación de las mujeres en el mercado laboral / Laura Golbert – 4. Arreglos institucionales y trabajo femenino / Rosalía Cortés – 5. El impacto de las reformas estructurales y la nueva legislación laboral sobre la mujer en la Argentina / Laura C. Pautassi -
590 ## - LOCAL NOTE (RLIN)
Local note niveau_biblio:m niveau_hierar:0
700 1# - ADDED ENTRY--PERSONAL NAME
Personal name Ackerman, Mario E.
700 1# - ADDED ENTRY--PERSONAL NAME
Personal name Cortés, Rosalia
700 1# - ADDED ENTRY--PERSONAL NAME
Personal name Golbert, Laura
700 1# - ADDED ENTRY--PERSONAL NAME
Personal name Mercado, Matilde
700 1# - ADDED ENTRY--PERSONAL NAME
Personal name Pautassi, Laura C.
942 ## - ADDED ENTRY ELEMENTS (KOHA)
Koha item type
Existencias
Withdrawn status Lost status Damaged status Not for loan Home library Current library Shelving location Date acquired Total checkouts Full call number Barcode Date last seen Price effective from Koha item type
        Biblioteca Prof. Eusebio Cleto del Rey Biblioteca Prof. Eusebio Cleto del Rey   07/04/2026   349.2 B617 L129179 07/04/2026 07/04/2026 Libro